000 00554nam a2200193 a 4500
005 20140310183439.0
008 080228s19uu xx 00 eng d
020 _a1841122459
050 _aHB 615
_b.C374 2002
100 _aCartwright, Roger
245 _aThe entrepreneurial individual /
_cRoger Cartwright.
260 _aUnited Kingdom :
_bCapstone Publishing,
_c2002.
300 _a118 p. :
_c18 cm.
521 _aBSBA
650 _aOrganizational change.
650 _aCreative ability in business.
942 _cBK
_2lcc
_kFOR
999 _c23006
_d23006